| 000 | 00381nam a22001577a 4500 | ||
|---|---|---|---|
| 003 | MACL | ||
| 005 | 20211009170816.0 | ||
| 008 | 211009b |||||||| |||| 00| 0 eng d | ||
| 040 | _cMACL | ||
| 082 | _a333 | ||
| 100 |
_aHeg,Dr. P. D. _981236 |
||
| 245 | _aGlobal Warming Effects And Remedy | ||
| 260 |
_aDelhi _bK. K. Publication _c2018 |
||
| 650 | _aEnvironment | ||
| 942 |
_2ddc _cBK |
||
| 999 |
_c64503 _d64503 |
||